|
|
|
|
| LEADER |
00000nam a22000007a 4500 |
| 005 |
20140505154457.0 |
| 007 |
cr|||| |||| |
| 008 |
140505c20149999us wr|| s|||| 0|||a1spa d |
| 035 |
|
|
|a 12104
|
| 040 |
|
|
|a vLex
|
| 090 |
|
|
|c 4905
|d 4905
|
| 245 |
0 |
0 |
|a Minnesota Lawyer
|h [Recurso electrn̤ico]
|
| 256 |
|
|
|a Servicio en ln̕ea
|
| 260 |
|
|
|a [s.l.] :
|b [s.n.] :
|c 2014 -
|
| 300 |
|
|
|a 1 recurso electrn̤ico
|
| 310 |
|
|
|a Semanal
|
| 506 |
1 |
|
|a Contenido disponible solo en los productos indicados
|d vLex Global
|d vLex Global (Academic Edition, excluding Law Schools)
|d vLex Global (U.S. Academic Edition, excluding Law Schools)
|
| 650 |
0 |
4 |
|a Diarios
|z Estados Unidos
|
| 740 |
0 |
|
|a vLex Revistas (Servicio en ln̕ea)
|
| 856 |
4 |
0 |
|u http://vlex.com/source/minnesota-lawyer-12104/
|z Acceso restringido
|
| 942 |
|
|
|c REV
|
| 999 |
0 |
|
|a Newspapers
|